10 countries least guessed in countries quiz - Statistics

General Stats
  • This quiz has been taken 23 times
  • The average score is 7 of 10
Answer Stats
Ranking Country % Correct
2 Nauru
86%
5 Tuvalu
86%
3 Kiribati
81%
7 Palau
76%
1 São Tomé and Príncipe
76%
9 Marshall Islands
71%
10 Vanuatu
71%
4 Comoros
67%
8 Grenada
57%
6 Saint Vincent and the Grenadines
57%
No matching quizzes found
Score Distribution
Percent of People with Each Score
Percentile by Number Answered
Your Score History
You have not taken this quiz